Normal view
MARC view
Entry Personal Name
001 - CONTROL NUMBER
- control field: 71382
003 - CONTROL NUMBER IDENTIFIER
- control field: dpl
005 - DATE AND TIME OF LATEST TRANSACTION
- control field: 20240910122347.0
008 - FIXED-LENGTH DATA ELEMENTS
- fixed length control field: 240910|| aca||aabn | a|a d
040 ## - CATALOGING SOURCE
- Original cataloging agency: dpl
- Transcribing agency: dpl
100 ## - HEADING--PERSONAL NAME
- Personal name: मकवाणा, किशोर
670 ## - SOURCE DATA FOUND
- Source citation: Work cat.: (dpl)205680: मकवाणा, किशोर, स्वामी विवेकानंद का युवा जागरण:, 2022
